Databank - development (Record no. 104695)

MARC details
000 -LEADER
fixed length control field 00852cab a2200169 4500
001 - CONTROL NUMBER
control field ##L131238
008 - FIXED-LENGTH DATA ELEMENTS--GENERAL INFORMATION
fixed length control field 050727n2005 000 0 eng u
035 ## - SYSTEM CONTROL NUMBER
System control number (Sirsi) u131238
041 0# - LANGUAGE CODE
Language code of text/sound track or separate title eng
245 00 - TITLE STATEMENT
Title Databank - development
260 ## - PUBLICATION, DISTRIBUTION, ETC.
Date of publication, distribution, etc. 2005
490 #0 - SERIES STATEMENT
Series statement Property Week
Volume/sequential designation 70(40) 7 October 2005, 56(1)
520 ## - SUMMARY, ETC.
Summary, etc. Savills' research on the supply of brownfield land for housebuilding. Argues that ODPM figures for the amount of brownfield land that is available for housebuilding are over optimistic and that Savills' estimates of the land available full below those of the ODPM. Savills' figures represent less than half of ODPM estimates, and equal five years' supply at the current construction rates. Graphs.
590 ## - LOCAL NOTE (RLIN)
Local note IKA251005
690 ## - LOCAL SUBJECT ADDED ENTRY--TOPICAL TERM (OCLC, RLIN)
Topical term or geographic name as entry element ENVIRONMENTAL AND LAND CONSULTANCY-SUSTAINABILITY-SUSTAINABLE DEVELOPMENT
942 ## - ADDED ENTRY ELEMENTS (KOHA)
Suppress in OPAC 0
Holdings
Withdrawn status Lost status Source of classification or shelving scheme Damaged status Not for loan Home library Current library Shelving location Date acquired Total Checkouts Full call number Barcode Date last seen Copy number Price effective from Koha item type
    Dewey Decimal Classification     London London Journal article 10/10/2005   L131238 131238-1001 06/08/2019 1 06/08/2019 Journal article